000 00253nam a22001217a 4500
041 _aENG
100 _aLewitt.E.H
245 _aHydraulics And Fiuid Mechanics
260 _aDelhi
_bPriced Textbook
_c1998
300 _a740
650 _a48
856 _u48
999 _c3129
_d3129